Social indicators of development (Record no. 76579)

MARC details
000 -LEADER
fixed length control field 00737nam a2200169 a 4500
008 - FIXED-LENGTH DATA ELEMENTS--GENERAL INFORMATION
fixed length control field 120416s1991 ||||||||||||||||| || u
050 ## - LIBRARY OF CONGRESS CALL NUMBER
Classification number IBRD(058)S6
110 ## - MAIN ENTRY--CORPORATE NAME
Corporate name or jurisdiction name as entry element World Bank
245 10 - TITLE STATEMENT
Title Social indicators of development
260 ## - PUBLICATION, DISTRIBUTION, ETC.
Place of publication, distribution, etc. Baltimore
Name of publisher, distributor, etc. The John Hopkins University Press
Date of publication, distribution, etc. 1991
300 ## - PHYSICAL DESCRIPTION
Extent xv, 357p. : ill.
350 ## -
-- 0.00
500 ## - GENERAL NOTE
General note Library Holding: 1990, 1991 - 92
650 ## - SUBJECT ADDED ENTRY--TOPICAL TERM
Topical term or geographic name entry element Social indicators
995 ## -
-- SPECIAL COLLECTIONS
-- 0.00
-- 024940
-- CBU-MAIN LIBRARY (Kitwe)
-- 1
-- 0.00
-- IBRD(058)S6/1992
-- 2
-- AVAILABLE
-- Apr 18, 2008
-- 024940
-- International Publications
995 ## -
-- SPECIAL COLLECTIONS
-- 0.00
-- 024815
-- CBU-MAIN LIBRARY (Kitwe)
-- 1
-- 24.95
-- IBRD(058)S6/1990
-- 1
-- AVAILABLE
-- 024815
-- International Publications
999 ## -
-- 76579
-- 76579
Holdings
Withdrawn status Lost status Source of classification or shelving scheme Damaged status Not for loan Permanent Location Current Location Shelving location Date acquired Total Checkouts Full call number Barcode Date last seen Copy number Price effective from Koha item type
          CBU-MAIN LIBRARY, KITWE. CBU-MAIN LIBRARY, KITWE.   04/25/2023   IBRD(058)S6/1992 024940 04/25/2023 1 04/25/2023 SPECIAL COLLECTION
          CBU-MAIN LIBRARY, KITWE. CBU-MAIN LIBRARY, KITWE.   04/25/2023   IBRD(058)S6/1990 024815 04/25/2023 2 04/25/2023 SPECIAL COLLECTION